| 000 | 00663nam a22001697a 4500 | ||
|---|---|---|---|
| 003 | SGT | ||
| 020 | _a9789350717004 | ||
| 082 | _a658.15,RUS | ||
| 100 | _aRUSTAGI,R.P | ||
| 245 | _aFUNDAMENTALS OF FINANCIAL MANAGEMENT | ||
| 250 | _a10TH | ||
| 260 |
_aNEW DELHI _bTAXMANN _c2015 |
||
| 300 | _a378 | ||
| 650 | _aFINANCIAL MANAGEMENT | ||
| 653 | _aFINANCIAL MANAGEMENT : AN INTRODUCTION,THE MATHEMATICS OF FINANCE,CAPITAL BUDGETING : AN INTRODUCTION,CAPITAL BUDGETING : TECHNIQUES OF EVALUATION,COST OF CAPITAL, FINANCING DECISION : LEVERAGE ANALYSIS, FINANCING DECISION : EBIT-EPS ANALYSIS,LEVERAGE, COST OF CAPITAL AND VALUE OF THE FIRM | ||
| 942 |
_2ddc _cFCM _0150 |
||
| 999 |
_c9090 _d9090 |
||